000 00718cam a2200229 4500500
005 20260329002812.0
041 _afre
042 _adc
100 1 0 _aDagognet, François
_eauthor
245 0 0 _aUn monde de déchirements. Théorie critique, psychanalyse, sociologie
260 _c2013.
500 _a88
690 _aAxel Honneth
690 _aDéchirement
690 _aÉcole de Francfort
690 _aNéocapitalisme
690 _aReconnaissance
690 _aSocial
690 _aThéorie critique
786 0 _nPhilosophie magazine | 74 | 11 | 2013-11-01 | p. 49-49 | 1951-1787
856 4 1 _uhttps://shs.cairn.info/magazine-philosophie-magazine-2013-11-page-49?lang=fr&redirect-ssocas=7080
999 _c1818523
_d1818523